| 000 | 00793cam a22002533a 4500 | ||
|---|---|---|---|
| 001 | 25003 | ||
| 003 | PGUSA | ||
| 005 | 20140828083534.0 | ||
| 008 | 080405s2008||||xxu|||||s|||||000 1 eng d | ||
| 040 |
_aPGUSA _beng |
||
| 042 | _adc | ||
| 050 | 4 | _aPZ | |
| 100 | 1 |
_aBrazil, Angela, _d1869-1947 |
|
| 245 | 1 | 4 |
_aThe Nicest Girl in the School : _bA Story of School Life _h[electronic resource] / _cAngela Brazil |
| 260 |
_bProject Gutenberg, _c2008 |
||
| 506 | _aPublic domain in the USA. | ||
| 516 | _aElectronic text | ||
| 653 | _aSchools -- Juvenile fiction | ||
| 653 | _aGirls -- Conduct of life -- Juvenile fiction | ||
| 700 | 1 |
_aDixon, Arthur A. _q(Arthur Augustus), _d1872-1959 |
|
| 830 | 0 |
_aProject Gutenberg _v25003 |
|
| 856 | 4 | 0 | _uhttp://www.gutenberg.org/ebooks/25003 |
| 942 | _cEB | ||
| 999 |
_c254258 _d254258 |
||